| 000 | 01760nam a22002777a 4500 | ||
|---|---|---|---|
| 005 | 20240305165642.0 | ||
| 007 | cr|||| |||| | ||
| 008 | 220920s2022 ca |||||s|||| 00||0 eng d | ||
| 020 | _a9781552216330 | ||
| 035 | _a37260 | ||
| 040 | _avLex | ||
| 090 |
_c13978 _d13978 |
||
| 100 | 1 | _aPotts, David A. | |
| 245 | 1 | 0 |
_aGuide to the Law and Practice of Anti-SLAPP Proceedings _h[Recurso electrónico] / _cDavid A. Potts, Erin Stoik |
| 256 | _aServicio en línea | ||
| 260 |
_aToronto: _bIrwin Law Inc., _c2022 |
||
| 300 | _a1 recurso electrónico | ||
| 490 | 0 | _aIrwin Books | |
| 500 | _aThe anti-SLAPP legislation, more formally known as section 137.1 of the Courts of Justice Act in Ontario and the Protection of Public Participation Act in British Columbia, is arguably the most influential development in Canadian defamation law in the last fifty years, aside from the advent of the internet. It appears simple in theory. It is not simple in practice. It was intended to be straightforward, swift, and inexpensive. It has become protracted, complex, and costly. Written primarily for judges and lawyers in Ontario and British Columbia who are faced with anti-SLAPP proceedings, this text presents a detailed and comprehensive analysis of anti-SLAPP legislation and proceedings | ||
| 506 | 1 |
_aDisponible solo en los productos indicados _dvLex Global _dvLex Global (Academic Edition, excluding Law Schools) _dvLex Global (U.S. Academic Edition, Law Schools) _dvLex Global (U.S. Academic Edition, excluding Law Schools) _dvLex Global (Academic Edition, Law Schools) |
|
| 650 | 0 | 4 |
_aDerecho Penal _zCanadá |
| 700 | 1 | _aStoik, Erin | |
| 740 | 0 | _avLex Libros (Servicio en línea) | |
| 856 | 4 | 0 | _uhttps://app.vlex.com/#/sources/37260 |
| 942 | _cRAA | ||
| 999 |
_c172214 _d172214 |
||